03512njm a2200529Ia 450000100060000000300090000600500170001500800410003204000130007304000130008604100130009910000110011210000180012310000380014124500200017925000110019926000110021026000380022130000100025950000690026950502820033851100340062065000570065470001070071170001430081870000900096170001110105170000970116270000780125970001050133770000990144270001080154170000810164970000980173070000900182870000990191870000820201770000970209970000870219670001000228370000910238370001000247470001010257470001080267570000930278370001060287624603IT-RoPAU20220918181159.0131025s9999 xx 000 0 und d aIT-RoPAU cIT-RoPAU aITALIANO aAA.VV. eAutore musica gCodice autore musica SPICS: 12000 aRibalta per due a1a ed. aMILANO bRUSTY RECORDSc1971 [1a Ed.:1971] aDISCO aCanzone italiana. Antologia di canzoni italiane dal 1910 al 1945 aNon ho più... (La veste a fiori blu) - Parlami d'amore Mariù - L'uccellino della radio - Addormentarmi così - Piemontesina - Serenata celeste - Malinconia d'amore - Che musetto - Vieni... vieni... - Un giorno ti dirò - Ba... ba... baciami piccina - Ti voglio tanto bene aSilvana Fioresi e Dino D'Alba aCANZONE ITALIAN [DISCHI]eCodice MATERIA SPICS: 9950 aD'Amico AnnadCodice autore musica SPICS: 16122eAutore musicapNon ho più... (La veste a fiori blu) aD'Anzi GiovannidCodice autore testo/musica SPICS: 13458eAutore testo/musicapNon ho più... (La veste a fiori blu) - Malinconia d'amore aNeri EnniodCodice autore musica SPICS: 13457eAutore musicapParlami d'amore Mariù aBixio Cesare AndreadCodice autore testo/musica SPICS: 13441eAutore testo/musicapParlami d'amore Mariù aMorbelli RiccardodCodice autore musica SPICS: 13446eAutore musicapL'uccellino della radio aNizza AngelodCodice autore SPICS: 13378eAutorepL'uccellino della radio aFilippi AlfiodCodice autore testo/musica SPICS: 11235eAutore testo/musicapL'uccellino della radio aBiri (Ferrari Ornella)dCodice autore musica SPICS: 13608eAutore musicapAddormentarmi così aMascheroni VittoriodCodice autore testo/musica SPICS: 13134eAutore testo/musicapAddormentarmi così aFrati EnricodCodice autore musica SPICS: 13443eAutore musicapPiemontesina aRaimondo GiovannidCodice autore testo/musica SPICS: 13444eAutore testo/musicapPiemontesina aFiorelli GiuseppedCodice autore musica SPICS: 13362eAutore musicapSerenata celeste aRuccione MariodCodice autore testo/musica SPICS: 13479eAutore testo/musicapSerenata celeste aCeragioli EnzodCodice autore musica SPICS: 13191eAutore musicapChe musetto aTestoni GiancarlodCodice autore testo/musica SPICS: 13524eAutore testo/musicapChe musetto aRastelli NinodCodice autore musica SPICS: 13482eAutore musicapVieni... vieni... aScotto VincentdCodice autore testo/musica SPICS: 13394eAutore testo/musicapVieni... vieni... aBertini UmbertodCodice autore musica SPICS: 13511eAutore musicapUn giorno ti dirò aKramer GornidCodice autore testo/musica SPICS: 11552eAutore testo/musicapUn giorno ti dirò aMorbelli RiccardodCodice autore musica SPICS: 13446eAutore musicapBa... ba... baciami piccina aAstore LuigidCodice autore testo/musica SPICS: 13374eAutore testo/musicapBa... ba... baciami piccina aFurnò DomenicodCodice autore musica SPICS: 13476eAutore musicapTi voglio tanto bene aDe Curtis ErnestodCodice autore testo/musica SPICS: 13475eAutore testo/musicapTi voglio tanto bene